000 00700nam a22002177a 4500
003 UA-OsUOA
001 73962
007 ta
008 20110324b un ||||| |||| 00| 0 ukr d
100 _aМандель Б.Р.
090 _a159
_bМ23
942 _cSA
040 _aUA-OsUOA
_brus
_cUA-OsUOA
_dUA-OsUOA
245 _aОчередь: психологический портрет на культурно-историческом фоне эпохи
300 _aС.62-74
955 _a0
041 _arus
080 _a159
773 0 _w73956
_tСоционика, ментология и психология личности
_dК.
_d2011
_g1
650 7 _a1 Філософські науки
_2UDC
999 _c360252
_d360252